ABN Neswire

Bibliographic Details
Format: eBook
Language:English
Published: [s.l] : Asianet Pakistan, 2013 -
Subjects:
Online Access:Acceso restringido

MARC

LEADER 00000nam a22000007a 4500
005 20131217183325.0
007 cr|||| ||||
008 131217c20139999au |||| s|||| 0||| 1eng d
035 |a 11704 
040 |a vLex 
090 |c 4631  |d 4631 
245 0 0 |a ABN Neswire  |h [Recurso electrn̤ico] 
256 |a Servicio en ln̕ea 
260 |a [s.l] :  |b Asianet Pakistan,  |c 2013 - 
300 |a 1 recurso electrn̤ico 
310 |a Diaria 
506 1 |a Contenido solo disponible en los productos indicados  |d vLex Global  |d vLex Global (Academic Edition, excluding Law Schools)  |d vLex Global (U.S. Academic Edition, Law Schools)  |d vLex Global (U.S. Academic Edition, excluding Law Schools)  |d vLex Global (Academic Edition, Law Schools) 
650 0 4 |a Diarios  |z Austrialia 
740 0 |a vLex Revistas (Servicio en ln̕ea) 
856 4 0 |u http://vlex.com/source/abn-newswire-11704/  |z Acceso restringido 
942 |c REV 
999 0 |a Newspapers -- Australia